00918nam a2200205 a 4500008004100000020001800041050001500059100002000074245008600094260006300180300002100243500004300264650001400307650002500321650002200346650001300368995018000381999001700561952013400578120918s2005 ||||||||||||||||| || u a92-75-11612-1 aRA 784 NUT aFreire, Wilma B10aNutrition and an active life: from knowledge to actioncedited by Wilma B. Freire aWashington, D. C.:bPan American Health Organizationc2005 axii, 247p.: ill. aOrange Trunk Library Collection (WHO). 0aNUTRITION aNUTRITION PROGRAMMES aENERGY METABOLISM aEXERCISE aMEDICAL LIBRARY OPEN ACCESSe901861FCBU-SCHOOL OF MEDICINE LIBRARY (Ndola)jOTL RA 784 NUT (BOX 4)M1UAVAILABLEWOct 22, 2012y901861ZMedical Library Open Access Collection c32224d32224 00102lcc4070a002b002cMedical Library Open Access Collectiond2022-11-30l0oRA 784 NUTp901861r2022-11-30w2022-11-30y002